| 000 -LEADER |
| fixed length control field |
01774nam a22001577a 4500 |
| 008 - FIXED-LENGTH DATA ELEMENTS--GENERAL INFORMATION |
| fixed length control field |
230913b ||||| |||| 00| 0 eng d |
| 100 ## - MAIN ENTRY--PERSONAL NAME |
| Personal name |
Dahlan, Nur Dalilah et al |
| 245 ## - TITLE STATEMENT |
| Title |
Physical activity as a health determinant in tropical built environments: A multifaceted intervention |
| 260 ## - PUBLICATION, DISTRIBUTION, ETC. (IMPRINT) |
| Place of publication, distribution, etc |
Environment and Urbanization ASIA |
| 300 ## - PHYSICAL DESCRIPTION |
| Extent |
14(1), Mar, 2023: p.39-54 |
| 520 ## - SUMMARY, ETC. |
| Summary, etc |
The changing nature of technology has influenced the physical activity behaviour of working adults in tropical-built environments. Existing physical activity interventions show a lack of diversity in delivery strategies and limited local context community assimilation measures. This study aims to provide a perspective on the interventions implemented to promote physical activity in urban and rural neighbourhoods in tropical regions. Three analytical themes were synthesised from 29 screened qualitative and quantitative literature: the social context, the environmental factors and the mechanisms to promote physical activity in the built environment. The findings recognise the importance of spatial heterogeneity in physical activity promotion at midstream and downstream intervention levels in a tropical built environment. A multifaceted intervention model for positive physical activity behaviour change (MIPA) consisting of built environment variables, micro-climate conscious design, health awareness and self-efficacy factors according to the tropical built environments context is proposed.- Reproduced |
| 650 ## - SUBJECT ADDED ENTRY--TOPICAL TERM |
| Topical term or geographic name as entry element |
Physical activity, obesogenic environment, Tropical built, Environment, Multifaceted factors, Microclimate conscious, Health, Self-efficacy. |
| 9 (RLIN) |
40524 |
| 773 ## - HOST ITEM ENTRY |
| Main entry heading |
Environment and Urbanization ASIA |
| 906 ## - LOCAL DATA ELEMENT F, LDF (RLIN) |
| Subject DIP |
HEALTH SERVICES |
| 942 ## - ADDED ENTRY ELEMENTS (KOHA) |
| Item type |
Articles |